000 04668nam a2200445 a 4500
003 CHAP
005 20241111130631.0
007 cr ||||||a|c|a
008 101201s2010 mx r 00010 spa d
035 _a111684
040 _cCHAP
090 _aTesis
100 1 _aVillarreal Villarreal, Abel Jesús.
_9119660
245 1 0 _aEfecto de Saccharomyces cereviciae + Sangrovit en la condición corporal y transtornos metabólicos durante el reto e inicio de lactancia de vacas Holstein - Friesian
_c/por Abel Jesús Villarreal Villarreal ; director de tesis Rufino López Ordaz.
264 1 _aChapingo, Méx. :
_bEl autor,
_c2010.
300 _a1 recurso en línea (42 páginas):
_bcuadros, figuras.
336 _2rdacontent
_atexto
_btxt
337 _2rdamedia
_acomputadora
_bc
338 _2rdacarrier
_arecursos en línea
_bcr
502 _bIAEZ
_cZootecnía
_d2010.
_gLIC
520 _aEl volumen de leche cosechado al inicio de la lactancia depende en gran medida del manejo de la vaca en el periodo de transición. Dicho periodo consiste en retar a las vacas con alimentos que buscan adaptar el ambiente ruminal a las dietas proporcionadas durante la lactancia, cuyo objetivo es reducir el periodo del balance negativo de energía (BNE). Las vacas que tienen BNE por periodos prolongados y frecuentes se asocian con rendimientos lecheros bajos, terneros con pesos al nacimiento reducidos y con problemas de salud en el periodo alrededor del parto. Las prácticas utilizadas en la reducción del periodo con BNE se relacionan con la adición de concentrados a las dietas, la complementación con aditivos o la adición de algunas hormonas metabólicas sintéticas. En años recientes ha cobrado auge la adición de Saccharomyces cerevisiae (Sce) a las dietas de vacas lecheras en el periodo de transición. La levadura de Sce interviene en el rompimiento de los enlaces celulósicos y lignocelulósicos de los alimentos, produciendo efectos positivos en la digestibilidad como en el consumo voluntario. Además, el Sce ha demostrado su efectividad en el mantenimiento de las condiciones ruminales y en la producción de radicales libres (Desnoyers et al., 2009). Por otro lado, un producto con propiedades de antioxidante, como promotor del consumo y con propiedades medicinales que está cobrando un auge sorprendente en las explotaciones es el Sangrovit. Este producto, además, es asociado con actividades antiinflamatorias, antitumorales y mejorador del sistema inmunológico de los animales (García et al., 2006). Cuando el producto se incluye en la dieta de los animales no sólo mejora el consumo de alimento, sino que, además, por su reducción en la producción de aminas biogénicas, permite que algunos aminoácidos se metabolicen en las partes bajas del intestino y una mayor proporción de ellos puedan alcanzar la glándula mamaria y apoyar la síntesis de componentes de leche. En la mayoría de las explotaciones modernas, el control de los animales mediante el pesaje es fundamental en el manejo del establo lechero. Sin embargo, la mayoría de dichas explotaciones no dispone de básculas para el pesaje de los animales; y es necesario recurrir a estimaciones subjetivas como la condición corporal (CC) de los animales. Dicha CC es una herramienta visual que permite diagnosticar y predecir el estatus energético del animal, y permite hacer cambios en el manejo basado en la acumulación de reservas corporales de los animales previos al parto y al inicio de la lactancia. Con base en lo anterior, el objetivo del presente estudio fue determinar los efectos de Saccharomyces cerevisiae + Sangrovit™ en la dieta 21 días antes de parto y 21 días postparto y su influencia en la condición corporal posparto, el peso al nacimiento de terneros y los trastornos metabólicos de vacas Holstein- Friesian en confinamiento.
590 _aALEPH
_b10
_c20130110
590 _aBATCH-UPD
_b10
_c20130110
590 _aBATCH-UPD
_b10
_c20130410
590 _aBATCH-UPD
_b10
_c20130914
590 _aBATCH-UPD
_b10
_c20140324
590 _aBATCH-UPD
_b10
_c20141002
590 _aCONVERSION
_b10
_c20130109
650 0 4 _aGanado Holstein - Friesian.
_945148
650 0 4 _aLactancia.
_964346
650 0 4 _aSaccharomyces cerevisiae
_9101125
700 1 _aLópez Ordaz, Rufino
_968182
_eDirector de tesis.
856 _uhttp://10.13.5.2/tesis/111684.pdf
_zDESCARGAR PDF
901 _aBK
942 _cTD
_2Clasificación Universidad Autónoma Chapingo
949 _bBC
_cTES
_d33724002224637
_eTS1
_gDonaciØn
_h51586
_i111684
_sb
949 _bBC
_cTES
_d33724002224678
_eTS2
_fc.2
_gDonaciØn
_h51587
_i111684
_sb
999 _c100026
_d100026